Währungen der Geschichte Deutschlands - Statistiken

Allgemein
  • Dieses Quiz wurde 518 mal gespielt
  • Das Durchschnittsergebnis liegt bei 5 aus 9
Antwortstatistiken
Von Bis Staat Name der Währung % Korrekt
1999 heute Deutschland Euro
97%
1948 2001 BRD Deutsche Mark
91%
1948 1964 DDR Deutsche Mark
91%
1924 1948 Deutsches Reich Reichsmark
82%
1871 1923 Deutsches Kaiserreich Mark
79%
1923 1924 Deutsches Reich Rentenmark
21%
1968 1990 DDR Mark der Deutschen Demokratischen Republik
7%
1964 1967 DDR Mark der deutschen Notenbank
3%
1944 1948 BRD/DDR Alliierte Militärmark
2%
Keine übereinstimmenden Quizze gefunden
Verteilung der Resultate
Anzahl Personen mit jedem Resultat
Perzentil nach korrekt beantworteten Fragen
Ihre Resultats-Entwicklung
Sie haben dieses Quiz noch nicht gespielt